000
00331pab a2200157 454500
008
180718b2009 xxu||||| |||| 00| 0 eng d
100
_a
Sainath, P.
245
_a
Ways of seeing
260
_c
2009
300
_a
p.51-55.
362
_a
Mar
650
_a
Agrarian structure
773
_a
Seminar
908
_a
N
909
_a
82050
999
_c
82050
_d
82050